00550nam a2200193Ia 450000500170000000800410001702000220005804000190008004100120009908200240011110000220013524500460015726000370020344000320024063000230027265000250029565100260032085000100034620230515154459.0131103s9999 xx 000 0 und d a8126019948cRs 25 aLoreto College aEnglish aTAG 891.44bTAG-GHO aGhose, Sisirkumar aRabindranath Tagore cBy Sisirkumar Ghose aNew DelhibSahitya Akademic2007 aMakers of Indian Literature aBengali Literature aTagore, Rabindranath aLiterature in Bengali aLCLIB